000 00726cab a2200277 4500
001 WB2705-65
008 090401t1991 xxu||||| |||| 00| 0 eng d
035 _a(Sirsi) u64024
041 _aeng
245 _aProfit through enterprise
260 _c1991
350 _a0
490 _aFinancial Times
_v26/1/91 p10(2)
520 _aReviews the tax benefit of investing in enterprize zones in the light of eight zones created in 1981 losing their status this year.
650 _aBELFAST
650 _aCORBY
650 _aDUDLEY
650 _aHARTLEPOOL
650 _aSALFORD
650 _aSPEKE
650 _aTYNESIDE
650 _aWAKEFIELD
690 _aURBAN RENEWAL
942 _n0
948 _c04/03/1997
999 _c39847
_d39847